000 00637nam a2200229Ia 4500
003 OSt
005 20220927105232.0
006 a|||||r|||| 00| 0
007 ta
008 220926b |||||||| |||| 00| 0 eng d
024 _a188133
037 _cReference Collections
040 _aRTL
_cRTL
_beng
041 _2eng
_aeng
082 _a"YxM64H:g, L4/SC"
100 _aOwen John E.
_9371221
245 0 _a"L. T. Hobhouse, sociologist"
260 _aLondon
_bNelson and Sons Ltd.
_c1974
300 _a"xiii,225p"
_ccm.
942 _h"YxM64H:g, L4/SC"
_cCC
999 _c691444
_d691444